000 00502nam a2200181Ia 4500
005 20250326123934.0
008 250326s9999 xx 000 0 und d
037 _aTextbook
040 _aFMSL
_beng
_cFMSL
041 _aeng
_2eng
084 _aT:51 K3
_qFMSL
100 _aChauncey H
_9736446
245 0 _aTesting: its place in education today
_cChauncey H; Dobbin J E
260 _aNY
_bNY, Harper & Row
_c1963
300 _a223p
942 _cTB
_hT:51 K3
999 _c1271574
_d1271574